| 000 | 01441nam a2200337 i 4500 | ||
|---|---|---|---|
| 003 | EG-ScBUE | ||
| 005 | 20240218122352.0 | ||
| 008 | 110803s1990 ua f 000 0 ara d | ||
| 017 | _a90 / 4039 | ||
| 020 | _a9770800139 | ||
| 040 |
_aEG-ScBUE _bara _erda _cEG-ScBUE _dEG-ScBUE |
||
| 041 | 1 |
_aara _hfre |
|
| 043 | _af-ua--- | ||
| 082 | 0 | 4 |
_222 _a916.216 _bف ي ي |
| 100 | 1 |
_926546 _aفييت، جاستون _d1887-1971، _eمؤلف. |
|
| 245 | 1 | 0 |
_aالقاهرة : _bمدينة الفن والتجارة / _cللمستشرق الفرنسي جاستون فيييت ؛ ترجمة الدكتور مصطفى العبادي ؛ المشرف على التحرير جمال الغيطاني. |
| 264 | 1 |
_aالقاهرة : _bدار أخبار اليوم، _c1990. |
|
| 300 |
_a190 صفحة ؛ _c20 سم. |
||
| 336 |
_2rdacontent _aنص _btxt |
||
| 337 |
_aبدون وسيط _2rdamedia _bn |
||
| 338 |
_aمجلد _bnc _2rdacarrier |
||
| 490 | 0 | _aكتاب اليوم | |
| 541 |
_aعلاء عبد الغني ؛ _cإهداء ؛ |
||
| 546 | _aالنص باللغة العربية وتم ترجمته من اللغة الفرنسية. | ||
| 651 | 7 |
_926547 _aالقاهرة (مصر) _xوصف ورحلات. _2BUEsh |
|
| 651 | 7 |
_aالقاهرة (مصر) _xتاريخ. _2BUEsh |
|
| 655 | _vReading book | ||
| 700 | 1 |
_926548 _aعبادي، مصطفى، _eمترجم. |
|
| 700 | 1 |
_926546 _aغيطاني، جمال، _eمشرف. |
|
| 942 |
_2ddc _cBB |
||
| 999 |
_c15782 _d15782 |
||